000 01191nam a2200241Ia 4500
999 _c37835
_d37835
001 3813
003 GE_BSU
005 20190823163456.0
008 181216s1983||||ge |||||||||||||| ||geo||
040 _cGE_BSU
041 _ageo
080 _a277.4 მ–55
100 _aმენაბდიშვილი, თეიმურაზ
_93765
245 _aსექტანტური მორალის რეაქციული ხასიათი /
_cთეიმურაზმენაბდიშვილი; რედ. გ. გეგეშიძე; საქ. სსრ მეცნ. აკადემია. სამეცნ. ათეისტური მუშაობის კომისია.
264 _aთბ. :
_bმეცნიერება,
_c1983.
300 _a70 გვ. ;
_b21 სმ.
504 _aბიბლიოგრ. ტექსტის შენიშვნებში.
520 _aრეზ. რუს. ენაზე.
653 _aრელიგია
653 _a რელიგიური სექტები
700 _aგეგეშიძე, გ.
_eრედაქტორი
_92192
942 _cBK
_2udc